02208cam a2200361 i 450000100190000000500170001900800410003601000150007702000180009202400160011003500600012603500240018604000080021004100130021805000280023110000500025924000410030924500840035025000240043426001030045830000230056152008780058454600470146265000360150965000260154565000330157165500260160465500330163070000520166394200080171595201080172399900150183199110744448390619620251013161456.0240529t20242021nyu g 000 f eng d a2024023872 a978125032204340a90100708955 a(OCoLC)1436521271z(OCoLC)1375542311z(OCoLC)1455331413 a(OCoLC)on1436521271 ctbs1 aenghice00aPT7513 .H52bM9713 2024 aKnútsdóttir, Hildurd1984-eauthor92613110aMyrkrið milli stjarnanna.lEnglish.14aThe night guestc/ Hildur Knútsdóttir ; translated by Mary Robinette Kowal. aFirst U.S. edition. aNew York, NY :bA Nightfire Book, published by Tom Doherty Associates/Tor Publishing Group,c2024. a194 pages ;c21 cm aHildur Knútsdóttir's The Night Guest is an eerie and ensnaring story set in contemporary Reykjavík that's sure to keep you awake at night. Iðunn is in yet another doctor's office. She knows her constant fatigue is a sign that something's not right, but practitioners dismiss her symptoms and blood tests haven't revealed any cause. When she talks to friends and family about it, the refrain is the same--have you tried eating better? Exercising more? Establishing a nighttime routine? She tries to follow their advice, buying everything from vitamins to sleeping pills to a step-counting watch. Nothing helps. Until one night Iðunn falls asleep with the watch on, and wakes up to find she's walked over 40,000 steps in the night . . . What is happening when she's asleep? Why is she waking up with increasingly disturbing injuries? And why won't anyone believe her? aIn English, translated from the Icelandic. 0aSleep disordersvFiction926117 0aWomenvFiction911136 0aSleepwalkingvFiction926132 0aHorror fiction922808 0aPsychological fiction922456 aKowal, Mary Robinetted1969-etranslator926133 2lcc 00102lcc4070aTBSbTBSd2025-10-13l2m1oP-EN KNUpB07680r2026-01-08s2026-01-07t1w2025-10-13y1 c5038d5038